ENGINEERING CHEMISTRY WBUT 2012 (Record no. 5645)

MARC details
000 -LEADER
fixed length control field 00433nam a22001697a 4500
005 - DATE AND TIME OF LATEST TRANSACTION
control field 20171204151608.0
008 - FIXED-LENGTH DATA ELEMENTS--GENERAL INFORMATION
fixed length control field 171204b xxu||||| |||| 00| 0 eng d
020 ## - INTERNATIONAL STANDARD BOOK NUMBER
ISBN 978-1-25-600679-1
041 ## - LANGUAGE CODE
Language code of text/sound track or separate title eng
082 ## - DEWEY DECIMAL CLASSIFICATION NUMBER
Classification number 660
100 ## - MAIN ENTRY--AUTHOR NAME
Personal name PALADHI, RINA
245 ## - TITLE STATEMENT
Title ENGINEERING CHEMISTRY WBUT 2012
Statement of responsibility, etc RINA PALADHI
250 ## - EDITION STATEMENT
Edition statement 3rd. Ed. 2017
260 ## - PUBLICATION, DISTRIBUTION, ETC. (IMPRINT)
Place of publication CHENNAI
Name of publisher Mc Graw Hill Education
Year of publication 2012
300 ## - PHYSICAL DESCRIPTION
Number of Pages 9.21p,
942 ## - ADDED ENTRY ELEMENTS (KOHA)
Koha item type Books
Holdings
Lost status Damaged status Collection code Home library Current library Shelving location Date acquired Source of acquisition Cost, normal purchase price Full call number Accession Number Koha item type
    CS/IT JRU Library JRU Library SHELF-56-J 04/12/2017 PURCHESS 330.00 660 22223 Books
    Reference JRU Library JRU Library SHELF-6-E 04/12/2017 PURCHESS 330.00 660 22224 Books
    CS/IT JRU Library JRU Library SHELF-56-J 04/12/2017 PURCHESS 330.00 660 22225 Books
    CS/IT JRU Library JRU Library SHELF-56-J 04/12/2017 PURCHESS 330.00 660 22226 Books
    CS/IT JRU Library JRU Library SHELF-56-J 04/12/2017 PURCHESS 330.00 660 22227 Books